| 000 | 00531nam a2200217Ia 4500 | ||
|---|---|---|---|
| 003 | 0100 | ||
| 008 | 130303s9999 xx 000 0 und d | ||
| 040 | _cARRUPELIB | ||
| 050 | _aBJ1031.G65 1990 | ||
| 100 | _aGoldman, Alan H. | ||
| 245 | _aMoral knowledge | ||
| 260 | _aLondon and New York | ||
| 260 | _bRoutledge | ||
| 260 | _C1990 | ||
| 300 | _aix | ||
| 300 | _b 224p. 22cm. | ||
| 650 | _bNatural selection | ||
| 650 | _cEvolution (Biology)- Philosophy | ||
| 650 | _dHuman evolution- Philosophy | ||
| 942 |
_2lcc _01 |
||
| 999 |
_c67550 _d67550 |
||